Catalog

Record Details

Catalog Search



Fortnite X Marvel : Zero war / writers, Christos ... Read More

Available copies

  • 3 of 3 copies available at LARL/NWRL Consortium. (Show)
  • 2 of 2 copies available at Lake Agassiz Regional Library.

Current holds

0 current holds with 3 total copies.

Show Only Available Copies
Location Call Number / Copy Notes Barcode Shelving Location Status Due Date
Detroit Lakes Public Library Y G GAG (Text) 33500013754254 Main Available -
Moorhead Public Library Y G GAG (Text) 33500013754262 Main Available -

Record details

  • ISBN: 9781302947934
  • ISBN: 1302947931
  • Physical Description: 1 volume (unpaged) : chiefly color illustrations ; ... Read More
  • Publisher: New York, NY : Marvel Worldwide, Inc., [2022].

Content descriptions

Summary, etc.:
"The Marvel Universe collides with video game ... Read More
Subject: Spider-Man (Fictitious character) > Comic books, strips, etc. > Fiction.
Wolverine (Fictitious character) > Comic books, strips, etc. > Fiction.
Superheroes > Comic books, strips, etc. > Fiction.
Genre: Science fiction comics.
Graphic novels.
LDR 02840cam a22005058i 4500
001405698
003LARL_NWRL_CONSORTIUM
00520221227201239.0
008220802s2022 nyua 6 000 1 eng d
040 . ‡aUKMGB ‡beng ‡erda ‡cUKMGB ‡dIEB ‡dOCLCF ‡dBKL
015 . ‡aGBC2F8100 ‡2bnb
0167 . ‡a020737291 ‡2Uk
020 . ‡a9781302947934 ‡q(hardcover)
020 . ‡a1302947931 ‡q(hardcover)
035 . ‡a(OCoLC)1346504343
08204. ‡a741.5 ‡223
1001 . ‡aGage, Christos, ‡eauthor. ‡0(LARL_NWRL_CONSORTIUM)202677
24510. ‡aFortnite X Marvel : ‡bZero war / ‡cwriters, Christos Gage & Donald Mustard ; inkers, Sean Parsons with Belardino Brabo (#4) & Elisabetta D'Amico (#5) ; letterer, VC's Joe Caramagna ; pencilers, Sergio D'Avila (#1-3, #5) & José Luís ; colorist, Edgar Delgado.
24630. ‡aZero war
264 1. ‡aNew York, NY : ‡bMarvel Worldwide, Inc., ‡c[2022].
300 . ‡a1 volume (unpaged) : ‡bchiefly color illustrations ; ‡c27 cm.
336 . ‡atext ‡2rdacontent
336 . ‡astill image ‡2rdacontent
337 . ‡aunmediated ‡2rdamedia
338 . ‡avolume ‡2rdacarrier
4900 . ‡aFortnite X Marvel
520 . ‡a"The Marvel Universe collides with video game phenomenon Fortnite! The inhabitants of the Island are locked in a neverending war, and only one thing has the potential to turn the tide -- a crystallized fragment of the Zero Point that was cast into the Marvel Universe! Spider-Man, Wolverine and Shuri must team with several Fortnite fighters to hunt down the elusive Zero Shard. Can these allies find it in time and avert catastrophe? And can the heroes of the Marvel and Fortnite realities hold off the Imagined Order long enough to give them a fighting chance? Epic Games' Chief Creative Officer, Donald Mustard, teams up with veteran Marvel writer Christos Gage (SPIDER-GEDDON, AVENGERS ACADEMY) and artist Sergio Dávila (CAPTAIN MARVEL) for a blockbuster crossover event with enormous ramifications for both universes!"--Amazon.com.
60000. ‡aSpider-Man ‡c(Fictitious character) ‡vComic books, strips, etc. ‡vFiction.
60000. ‡aWolverine ‡c(Fictitious character) ‡vComic books, strips, etc. ‡vFiction.
650 0. ‡aSuperheroes ‡vComic books, strips, etc. ‡vFiction.
655 7. ‡aScience fiction comics. ‡2lcgft
655 7. ‡aGraphic novels. ‡2lcgft
7001 . ‡aMustard, Donald, ‡eauthor.
7001 . ‡aParsons, Sean P., ‡einker.
7001 . ‡aBrabo, Belardino, ‡einker.
7001 . ‡aD'Amic, Elisabetta, ‡einker
7001 . ‡aCaramagna, Joe, ‡eletterer. ‡0(LARL_NWRL_CONSORTIUM)214378
7001 . ‡aFernandez Davila, Sergio, ‡epenciler.
7001 . ‡aLuis, José ‡c(Comic book artist), ‡epenciler.
7001 . ‡aDelgado, Edgar, ‡d1976- ‡ecolorist.
901 . ‡a405698 ‡b ‡c405698 ‡tbiblio

Additional Resources